|
|
|
|
| LEADER |
00000nas a2200000 a 4500 |
| 001 |
ssj0012775 |
| 003 |
WaSeSS |
| 005 |
20200512172242.0 |
| 006 |
m d |
| 007 |
cr n |
| 008 |
001023c19819999enkmr pss 0 a0eng c |
| 010 |
|
|
|a 00227323
|
| 015 |
|
|
|a GBB400727
|2 bnb
|
| 016 |
7 |
|
|a 1499942-0
|2 DE-600
|
| 016 |
7 |
|
|a 011458420
|2 Uk
|
| 022 |
|
|
|a 1469-1779
|l 0144-686X
|y 0144-686X
|
| 035 |
|
|
|a (WaSeSS)ssj0012775
|
| 040 |
|
|
|a EYM
|b eng
|e pn
|c EYM
|d OCLCQ
|d GUA
|d OCLCQ
|d OCLCF
|d OCLCO
|d OCLCQ
|d DEFHM
|d OCLCO
|d OCLCA
|d NLE
|d NLM
|d AU@
|d UKMGB
|d AUD
|d DCHUA
|d DLC
|d WaSeSS
|
| 042 |
|
|
|a pcc
|
| 050 |
0 |
0 |
|a HQ1060
|
| 060 |
0 |
0 |
|a W1
|b AG343T
|
| 130 |
0 |
|
|a Ageing and society (Online)
|
| 210 |
0 |
|
|a Ageing soc.
|b (Online)
|
| 222 |
|
0 |
|a Ageing and society
|b (Online)
|
| 245 |
1 |
0 |
|a Ageing and society
|h [electronic resource].
|
| 246 |
1 |
|
|a A&S
|
| 260 |
|
|
|a [Cambridge, England] :
|b Cambridge University Press
|
| 310 |
|
|
|a Monthly,
|b 2018-
|
| 321 |
|
|
|a Three no. a year,
|b 1981-1983
|
| 321 |
|
|
|a Four no. a year,
|b 1984-1995
|
| 321 |
|
|
|a Six no. a year,
|b 1996-2007
|
| 321 |
|
|
|a Eight no. a year,
|b 2008-2013
|
| 321 |
|
|
|a Ten no. a year,
|b 2014-2017
|
| 362 |
1 |
|
|a Print began with vol. 1, pt. 1 (Mar. 1981).
|
| 506 |
|
|
|a License restrictions may limit access.
|
| 538 |
|
|
|a Mode of access: World Wide Web.
|
| 588 |
|
|
|a Description based on: Vol. 17, issue 1 (Jan. 1997); title from title screen (viewed Oct. 23, 2000).
|
| 588 |
|
|
|a Latest issue consulted: Vol. 40, issue 4 (Apr. 2020) (Cambridge Core, viewed March 18, 2020).
|
| 650 |
|
0 |
|a Aging
|v Periodicals.
|
| 650 |
|
0 |
|a Gerontology
|v Periodicals.
|
| 650 |
|
7 |
|a Aging.
|2 fast
|0 (OCoLC)fst00800293
|
| 650 |
|
7 |
|a Gerontology.
|2 fast
|0 (OCoLC)fst00942204
|
| 650 |
|
7 |
|a Gerontologie
|2 gnd
|
| 650 |
|
7 |
|a Zeitschrift
|2 gnd
|
| 650 |
|
7 |
|a Online-Ressource
|2 gnd
|
| 650 |
|
7 |
|a Alterssoziologie
|2 gnd
|
| 655 |
|
0 |
|a Electronic journals.
|
| 776 |
1 |
|
|t Ageing and society
|x 0144-686X
|w (DLC) 83640195
|w (OCoLC)7963198
|
| 850 |
|
|
|a DLC
|
| 856 |
4 |
0 |
|z Full text available from Research Library: 12/01/1995 to 1 year ago
|u https://search.proquest.com/publication/37022
|